00517nam a2200157 a 4500008004100000020001800041050001800059100001600077245010500093260003800198300002000236350000900256650006100265650001500326700001800341101026s2006 ||||||||||||||||| || u a9780273651772 aHF 5549.5 Edw aRees, Chris10aInternational human resource management: globalization, national systems and multinational companies aEssex:bPearson Educationalc2006 axx, 310p.: ill. a0.00 aINTERNATIONAL BUSINESS ENTERPRISES--PERSONNEL MANAGEMENT 0aMANAGEMENT aEdwards, Tony